[Event "2nd Arberopen 2013"]
[Site "Bayerisch Eisenstein GER"]
[Date "2013.06.29"]
[Round "1.2"]
[White "Vorobiov,E"]
[Black "Kolb,Wo"]
[Result "1-0"]
[WhiteElo "2583"]
[BlackElo "2071"]

1.d4 Nf6 2.c4 e6 3.Nf3 b6 4.a3 Bb7 5.Nc3 d5 6.Bg5 Be7 7.Qa4+ Bc6 8.Qc2 dxc4
9.e3 Nbd7 10.Bxc4 Bb7 11.Rd1 O-O 12.e4 h6 13.Bf4 a6 14.Ba2 Qc8 15.Bb1 Ne8
16.e5 f5 17.Ba2 Nb8 18.d5 g5 19.d6 cxd6 20.exd6 Bxf3 21.gxf3 gxf4 22.dxe7 Rf7
23.Rd8 Qc6 24.Ne2 Qxc2 25.Rxe8+ Kh7 26.Rh8+ Kxh8 27.e8=Q+ Kg7 28.Rg1+ Kf6
29.Qxe6+  1-0

[Event "22nd Anderssen Mem Eliminacje"]
[Site "Wroclaw POL"]
[Date "2013.06.29"]
[Round "3"]
[White "Jaracz,P"]
[Black "Krupa,M"]
[Result "1-0"]
[WhiteElo "2531"]
[BlackElo "2251"]

1.Nf3 Nf6 2.c4 e6 3.d4 b6 4.a3 Bb7 5.Nc3 d5 6.Bg5 Be7 7.Bxf6 Bxf6 8.cxd5 exd5
9.Qa4+ Nd7 10.g3 O-O 11.Bh3 c6 12.O-O Re8 13.e3 Nf8 14.Rfd1 Bc8 15.Bxc8 Rxc8
16.Rac1 Qd7 17.b4 h5 18.b5 Qg4 19.Kg2 h4 20.h3 Qe6 21.g4 c5 22.dxc5 Rxc5
23.Ne2 Nd7 24.Rxc5 Nxc5 25.Qxa7 Ne4 26.Nf4 Qc8 27.Nxd5 Qc2 28.Rf1 Ng3 29.Qd7 Re6
30.Nxf6+ Rxf6 31.Qd1 Qb2 32.Qd8+ Kh7 33.Qd3+ g6 34.Rb1 Qa2 35.Nd2 Qe6 36.fxg3  1-0

[Event "IsBank TCh-TUR 2013"]
[Site "Denizli TUR"]
[Date "2013.06.30"]
[Round "2.3"]
[White "Jojua,D"]
[Black "Matnadze,A"]
[Result "1/2-1/2"]
[WhiteElo "2548"]
[BlackElo "2412"]

1.d4 Nf6 2.c4 e6 3.Nf3 b6 4.a3 Bb7 5.Nc3 g6 6.Qc2 Bg7 7.e4 O-O 8.Be2 d5 9.cxd5 exd5
10.e5 Ne4 11.O-O c5 12.Bd3 Nc6 13.dxc5 Nxc5 14.Bf4 Rc8 15.Rfd1 Ne6 16.Bg3 d4
17.Bc4 Qe8 18.Bxe6 Qxe6 19.Nxd4 Nxd4 20.Rxd4 Bxe5 21.Bxe5 Qxe5 22.Qd2 Rfe8
23.Rd1 Rc7 24.h3 Rce7 25.Nd5  1/2-1/2

[Event "Klatov Open A 2013"]
[Site "Klatovy CZE"]
[Date "2013.07.01"]
[Round "3.14"]
[White "Simunek,F"]
[Black "Kucera,M"]
[Result "1-0"]
[WhiteElo "2136"]
[BlackElo "1945"]

1.d4 Nf6 2.c4 e6 3.Nf3 b6 4.a3 c5 5.d5 d6 6.Nc3 Be7 7.e4 e5 8.Be2 Nbd7 9.O-O Nf8
10.b4 Ng6 11.bxc5 dxc5 12.a4 O-O 13.a5 a6 14.axb6 Qxb6 15.Rb1 Qc7 16.Bd2 Bd7
17.Qc2 Rfb8 18.Rxb8+ Rxb8 19.Ra1 Bc8 20.Bd3 Bd6 21.Ne2 h6 22.Nc1 Qb7 23.Bc3 Nd7
24.Qa2 f6 25.Bc2 Ndf8 26.Nb3 Ne7 27.h3 Nfg6 28.Na5 Qc7 29.Ba4 Nf4 30.Nc6 Nxc6
31.Bxc6 Qb6 32.Ba4 Qb7 33.Kh1 Qf7 34.Ng1 Qg6 35.f3 Qf7 36.Qd2 Qb7 37.Bc2 Qe7
38.Qf2 Qf7 39.Ne2 Nxe2 40.Qxe2 Qc7 41.Qe1 Qe7 42.Qc1 Qf7 43.Kh2 Qc7 44.Ba5 Qe7
45.Rb1 Rxb1 46.Qxb1 Qb7 47.Qxb7 Bxb7 48.Kg1 Kf7 49.Ba4 Ke7 50.Kf2 Bb8 51.Ke3 Kd6
52.Kd3 Bc8 53.Bc6 Bc7 54.Bd2 Bb6 55.Kc2 Kc7 56.Kb3 Bd7 57.Bxd7 Kxd7 58.Ka4 h5
59.Be1 Kc8 60.g4 hxg4 61.fxg4 g5 62.Bd2 Kd7 63.Ba5 Ba7 64.d6 Bb8 65.Bb6 Bxd6
66.Ka5 Kc6 67.Bd8 Bc7+ 68.Bxc7 Kxc7 69.Kxa6  1-0

[Event "4th AIMAG Women"]
[Site "Incheon KOR"]
[Date "2013.07.02"]
[Round "4.2"]
[White "Hejazipour,M"]
[Black "Zhao Xue"]
[Result "0-1"]
[WhiteElo "2250"]
[BlackElo "2565"]

1.d4 Nf6 2.c4 e6 3.Nf3 b6 4.a3 Bb7 5.Nc3 g6 6.d5 Bg7 7.e4 O-O 8.Bd3 d6 9.h3 Nbd7
10.Be3 Re8 11.O-O c6 12.Bc2 cxd5 13.cxd5 exd5 14.exd5 a6 15.a4 Rc8 16.Bb3 Nc5
17.Ba2 Nfe4 18.Nxe4 Rxe4 19.a5 bxa5 20.Nd4 a4 21.Nc6 Qe8 22.Bxc5 dxc5 23.Na5 Ba8
24.Re1 Rd8 25.Qd2 Bf6 26.Rxe4 Qxe4 27.Re1 Qb4 28.Re2 Qxd2 29.Rxd2 a3 30.Nc4 axb2
31.Nxb2 Bc3 32.Rc2 Bd4 33.Bc4 Bxd5 34.Bxa6 Ra8 35.Bc4 Ra1+  0-1

[Event "IsBank TCh-TUR 2013"]
[Site "Denizli TUR"]
[Date "2013.07.03"]
[Round "5.5"]
[White "Sengul,C"]
[Black "Kinsiz,O"]
[Result "1-0"]
[WhiteElo "2175"]
[BlackElo "2224"]

1.d4 Nf6 2.Nf3 e6 3.c4 b6 4.a3 Bb7 5.Nc3 d5 6.cxd5 exd5 7.g3 Be7 8.Bg2 O-O
9.O-O Nbd7 10.Bf4 a6 11.Ne5 c5 12.dxc5 Nxc5 13.Rc1 Rc8 14.Bh3 Ne6 15.Nf3 Ne4
16.Be5 f5 17.Nd4 Nxd4 18.Bxd4 b5 19.e3 Qd6 20.Qe2 Qh6 21.Bg2 Qe6 22.Rfd1 Rfd8
23.Qe1 Rc4 24.Ne2 Rdc8 25.Nf4 Qf7 26.Nd3 Qh5 27.f3 Ng5 28.Ne5 Rc2 29.Rxc2 Rxc2
30.Rc1 Rxc1 31.Qxc1 Ne6 32.Nc6 Qe8 33.Nxe7+ Qxe7 34.Qc3 Qc7 35.Qd2 Qd6 36.Kf2 Bc8
37.h4 Bd7 38.Bc3 Qc5 39.Bh3 Nc7 40.Qd3 Qf8 41.Be5 Ne8 42.Qxd5+ Qf7 43.Qxf7+ Kxf7
44.e4 g6 45.f4 Be6 46.Ke3 Bc8 47.Kd4 Be6 48.b4 fxe4 49.Bg2 Nf6 50.Bxf6 Kxf6
51.Bxe4 Bc8 52.Kc5 Ke6 53.Kc6 Kf6 54.Kd6 h5 55.Kc7 Bf5 56.Bg2 Bd3 57.Bf3 Kf5
58.Kb6  1-0

[Event "41st TCh-GRE"]
[Site "Rio (Achaia) GRE"]
[Date "2013.07.03"]
[Round "3.5"]
[White "Raeva,E"]
[Black "Socko,M"]
[Result "1/2-1/2"]
[WhiteElo "2263"]
[BlackElo "2436"]

1.d4 Nf6 2.c4 e6 3.Nf3 b6 4.a3 d5 5.cxd5 exd5 6.Bf4 Bd6 7.Bg3 O-O 8.e3 Ne4
9.Bd3 Nd7 10.Qc2 Ndf6 11.Nc3 Bb7 12.Bh4 Re8 13.Nb5 c5 14.dxc5 bxc5 15.O-O Be7
16.Rfd1 Qb6 17.a4 a5 18.Ne5 c4 19.Bxe4 Nxe4 20.Bxe7 Rxe7 21.Nf3 Rd8 22.Rd4 Bc6
23.Rad1 Bxb5 24.axb5 Nf6 25.Rf4 Qxb5 26.Nd4 Qd7 27.Nf5 Re5 28.Ng3 Qe8 29.Rdd4 Rb8
30.h3 Rb6 31.Qc3 h6 32.Qxa5 Rxb2 33.Nf5 Rb1+ 34.Kh2 Re6 35.Rxd5 Nxd5 36.Qxd5 Qb8
37.g3 Qb7 38.Qxb7 Rxb7 39.Rxc4 Kh7 40.Nd4 Reb6 41.Kg2 Rb2 42.Rc5 g6 43.Rc6 Kg7
44.Ra6 Rd2 45.Nf3 Rd1 46.Ra2 Rb6 47.g4 Rdb1 48.Kg3 R1b2 49.Rxb2 Rxb2 50.Nd4 Kf6  1/2-1/2

[Event "IsBank TCh-TUR 2013"]
[Site "Denizli TUR"]
[Date "2013.07.04"]
[Round "7.3"]
[White "Khotenashvili,B"]
[Black "Matnadze,A"]
[Result "1/2-1/2"]
[WhiteElo "2531"]
[BlackElo "2412"]

1.d4 Nf6 2.c4 e6 3.Nf3 b6 4.a3 Bb7 5.Nc3 g6 6.Qc2 Bg7 7.e4 O-O 8.Bg5 h6 9.Be3 d6
10.h3 Nbd7 11.Be2 Qe7 12.O-O Rfd8 13.Rfe1 c6 14.e5 Ne8 15.Bf4 c5 16.Nb5 cxd4
17.exd6 Qf6 18.Qd2 d3 19.Bxd3 Bxf3 20.gxf3 Nc5 21.Bc2 Qxb2 22.Rab1 Qf6 23.Qe3 e5
24.Bxe5 Qxe5 25.Qxe5 Bxe5 26.Rxe5 Nxd6 27.Nxd6 Rxd6 28.Re7 Kf8 29.Rc7 Rd4
30.Re1 Re8 31.Rxe8+ Kxe8 32.Rxa7 Rxc4 33.Be4 Nxe4 34.fxe4 Rxe4 35.Rb7 Re6
36.a4 Kf8 37.Kg2 g5 38.h4 gxh4 39.Kh3 Rf6 40.Kxh4 Kg7 41.Kg3 Kg6 42.Ra7 h5
43.a5 bxa5 44.Rxa5 Rb6 45.Rc5 Rb3+ 46.f3 Rb4 47.Ra5 h4+ 48.Kh3 f5 49.Ra8 Kg5
50.Ra3 Rb1 51.Ra4 Rg1 52.Kh2 Rg3 53.Ra3 Kf4 54.Ra4+ Kxf3 55.Rxh4 f4 56.Rh8 Rg7
57.Ra8 Re7 58.Ra3+ Kf2 59.Ra2+ Re2 60.Ra3 Kf1+ 61.Kh1 Re3 62.Ra1+ Re1 63.Ra3 Kf2+
64.Kh2 f3 65.Ra2+ Ke3 66.Ra3+ Kf2 67.Ra2+ Re2 68.Ra1 Rd2 69.Rb1 Re2 70.Ra1 Re8
71.Ra2+ Re2 72.Ra1 Rb2 73.Rc1 Rb8 74.Rc2+ Ke3 75.Rc3+ Ke2 76.Rc2+ Ke3 77.Rc3+ Ke2
78.Rc2+ Kd3 79.Ra2 Rg8 80.Ra3+ Ke4 81.Ra4+ Ke5 82.Ra5+ Kd4 83.Ra4+ Ke3 84.Ra3+ Ke4
85.Ra4+ Ke5 86.Ra5+ Ke6 87.Ra6+ Kf5 88.Ra5+ Kg4 89.Ra4+ Kf5 90.Ra5+ Ke4  1/2-1/2

[Event "41st TCh-GRE"]
[Site "Rio (Achaia) GRE"]
[Date "2013.07.05"]
[Round "5.6"]
[White "Asvestopoulou,E"]
[Black "Kiriakaki,Galini"]
[Result "1/2-1/2"]
[WhiteElo "1599"]
[BlackElo "1438"]

1.d4 Nf6 2.Nf3 e6 3.c4 b6 4.a3 Bb7 5.Nc3 Be7 6.e3 c5 7.Bd3 d6 8.O-O O-O 9.Rb1 Nbd7
10.Re1 Rc8 11.e4 cxd4 12.Nxd4 Ne5 13.b3 d5 14.exd5 Nxd3 15.Qxd3 exd5 16.Nxd5 Nxd5
17.cxd5 Qxd5 18.Qh3 Bf6 19.Nf3 Rfe8 20.Be3 Rcd8 21.Qg4 Re4 22.Qg3 Be5 23.Nxe5 Qxe5
24.Qxe5 Rxe5 25.h3 Red5 26.Rec1 R5d7 27.Kh2 g6 28.Rc3 Rc8 29.Rbc1 Rxc3 30.Rxc3 Kg7
31.h4 Re7 32.g3 f6 33.Rc4 b5 34.Rc3 a6 35.Kg1 Rd7 36.Kf1 Rd1+ 37.Ke2 Rd7
38.Rc1 Kf7 39.Rc3 Kg7 40.Rc5 Kf7 41.Bd2 Ke6 42.Bf4 Rd5 43.Rc7 Rd7 44.Rc3 Kf7
45.Re3 Re7 46.Kd3 Rxe3+ 47.Kd4  1/2-1/2

[Event "Polugaevsky Mem 2013"]
[Site "Samara RUS"]
[Date "2013.07.05"]
[Round "4.7"]
[White "Duzhakov,I"]
[Black "Dvoirys,S"]
[Result "0-1"]
[WhiteElo "2341"]
[BlackElo "2538"]

1.d4 Nf6 2.c4 e6 3.Nf3 b6 4.a3 Bb7 5.Nc3 d5 6.Bg5 Be7 7.cxd5 exd5 8.g3 O-O
9.Bg2 Ne4 10.Bxe7 Qxe7 11.Rc1 Nd7 12.O-O Ndf6 13.Nd2 c5 14.Ndxe4 dxe4 15.dxc5 bxc5
16.Qd2 Rad8 17.Qf4 h6 18.Na4 e3 19.Qxe3 Qxe3 20.fxe3 Bxg2 21.Kxg2 Ng4 22.Rf4 f5
23.Nxc5 Rd2 24.h3 Nxe3+ 25.Kf3 Nd5 26.Ne6 Nxf4 27.Nxf8 Nxe2 28.Re1 Nxg3 29.Ng6 Ne4
30.Ne7+ Kf7 31.Nxf5 Ng5+ 32.Kg4 Rg2+ 33.Ng3 Rxb2 34.Rf1+ Kg8 35.h4 Nf7 36.Rf4 Rb3
37.Ra4 Ne5+ 38.Kf4 Ng6+ 39.Kg4 Ne5+ 40.Kf4 Nd3+ 41.Kg4 Nf2+ 42.Kf4 g5+ 43.hxg5 hxg5+
44.Kxg5 Rxg3+ 45.Kf5 Rg7 46.Rd4 Kf8 47.Kf6 Ng4+ 48.Ke6 Ke8 49.Rf4 Kd8 50.Kd6 Rg6+
51.Kc5 Ne5 52.Rh4 Kc7 53.Rh7+ Nd7+ 54.Kb4 Rd6 55.Rh4 Kb6 56.Rh5 a6 57.Rg5 Nb8
58.Kb3 Nc6 59.Rg3 Ne5 60.Rg5 Rd5 61.Ka4 Rd4+ 62.Kb3 Re4 63.Rg8 Nd7 64.Rg6+ Kb5
65.a4+ Ka5 66.Rg5+ Re5  0-1

[Event "IsBank TCh-TUR 2013"]
[Site "Denizli TUR"]
[Date "2013.07.06"]
[Round "9.7"]
[White "Ererdem,G"]
[Black "Sipahioglu,I"]
[Result "0-1"]
[WhiteElo "1910"]
[BlackElo "2126"]

1.d4 e6 2.Nf3 Nf6 3.c4 b6 4.a3 Bb7 5.Nc3 Be7 6.d5 exd5 7.cxd5 O-O 8.e4 Re8
9.Bd3 c6 10.O-O cxd5 11.exd5 Na6 12.b4 Rc8 13.Bb2 Nc7 14.Bc4 Bd6 15.Qd3 Ng4
16.Rae1 Ne5 17.Nxe5 Bxe5 18.Rxe5 Rxe5 19.Ne4 Rh5 20.Ng3 Rg5 21.f4 Rg6 22.f5 Rh6
23.Re1 Qh4 24.Qc3 Qf6 25.Qd2 Qh4 26.Qc3 Qf6 27.Qd2 Qh4 28.Qc3 f6 29.d6+ Kf8
30.Bf1 Nd5 31.Qb3 Qxh2+ 32.Kf2 Rh3 33.Bc1 Rc3  0-1

[Event "IsBank TCh-TUR 2013"]
[Site "Denizli TUR"]
[Date "2013.07.07"]
[Round "10.8"]
[White "Soylemez,C"]
[Black "Asan,E"]
[Result "1/2-1/2"]
[WhiteElo "1938"]
[BlackElo "1839"]

1.d4 Nf6 2.c4 e6 3.Nf3 b6 4.a3 Bb7 5.Nc3 d5 6.Bg5 Be7 7.e3 Nbd7 8.Bd3 O-O
9.O-O Ne4 10.Bxe7 Qxe7 11.Rc1 c5 12.Qe2 f5 13.Rfd1 Ndf6 14.cxd5 exd5 15.Ne5 c4
16.Bb1 Nxc3 17.Rxc3 Ne4 18.Rcc1 b5 19.f3 Nd6 20.Qc2 g6 21.Qf2 Nf7 22.Nxf7 Rxf7
23.Re1 a5 24.h4 b4 25.axb4 axb4 26.Qg3 Qf6 27.h5 Re8 28.hxg6 hxg6 29.Kf2 Kg7
30.f4 Rfe7 31.Qh3 Qe6 32.Re2 Rh8 33.Qg3 Ba6 34.Ree1 Rhe8 35.Qg5 Rh8 36.Bxf5 Qf6
37.Qxf6+ Kxf6 38.Bg4 Rhe8 39.Bf3 Bb7 40.Ra1 g5 41.fxg5+ Kxg5 42.Ra5 Rd8 43.Rh1 Kg6
44.Rb5 b3 45.Rb6+ Kg7 46.Rbh6 Ra8 47.Rh7+ Kf8 48.Rh8+  1/2-1/2

[Event "41st TCh-GRE"]
[Site "Rio (Achaia) GRE"]
[Date "2013.07.07"]
[Round "7.7"]
[White "Filoxeni,Danai"]
[Black "Kokkota,Fotini"]
[Result "0-1"]
[WhiteElo "1432"]
[BlackElo "1501"]

1.d4 Nf6 2.c4 e6 3.Nf3 b6 4.a3 Nc6 5.Bf4 Bb7 6.e3 Be7 7.Nc3 O-O 8.Bd3 a6
9.O-O d5 10.Qc2 dxc4 11.Bxc4 h6 12.h3 Bd6 13.Bh2 Ne7 14.Nd2 Nf5 15.Nde4 Bxh2+
16.Kxh2 Nxe4 17.Nxe4 b5 18.Bd3 Nh4 19.f3 f5 20.Nc5 Qd6+ 21.Kg1 Bc6 22.Qf2 Qe7
23.Nxe6 Qxe6 24.Qxh4 Qxe3+ 25.Qf2 Qxd3 26.Rac1 Bxf3 27.gxf3 Rad8 28.Rfd1 Qb3
29.Rc2 c5 30.Rcd2 cxd4 31.Rxd4 Rxd4 32.Rxd4 Rf6 33.h4 Qf7 34.Qh2 Qe7 35.Rd1 Qc5+
36.Kh1 Rg6 37.Rg1 Rxg1+ 38.Qxg1 Qxg1+ 39.Kxg1 Kf7 40.Kf2 f4 41.Ke2 Kg6 42.Kd3 Kh5
43.Ke4 g5 44.hxg5 hxg5 45.Kd3 Kh4 46.Ke2 Kg3 47.b4 Kg2 48.Ke1 Kxf3 49.Kf1 g4
50.Kg1 Ke2 51.Kg2 f3+  0-1

[Event "ch-BEL Open 2013"]
[Site "Antwerp BEL"]
[Date "2013.07.09"]
[Round "4.5"]
[White "Sadkowsky,D"]
[Black "Lee,Deon"]
[Result "1-0"]
[WhiteElo "2230"]
[BlackElo "1846"]

1.c4 Nf6 2.Nf3 e6 3.d4 b6 4.a3 Bb7 5.Nc3 d5 6.cxd5 Nxd5 7.Qc2 Be7 8.e4 Nxc3
9.bxc3 O-O 10.Bd3 c5 11.O-O h6 12.Qe2 Nc6 13.Rd1 cxd4 14.cxd4 Na5 15.Bb2 Bf6
16.Rab1 Rc8 17.Bb5 Qc7 18.d5 Bxb2 19.Rxb2 exd5 20.exd5 Rfd8 21.Rbd2 Qd6 22.Nd4 Qg6
23.Nc2 Nb3 24.Rd3 Rxd5 25.Rxd5 Bxd5 26.Rxd5 Rxc2 27.Rd8+ Kh7 28.Qxc2 Qxc2
29.Bd3+ Qxd3 30.Rxd3 Nc5 31.Rd8 Kg6 32.Ra8 a6 33.Kf1 Kf6 34.Ke2 g6 35.Ke3 Ke5
36.Rd8  1-0

[Event "33rd Benasque Open"]
[Site "Benasque ESP"]
[Date "2013.07.12"]
[Round "9.7"]
[White "Golod,V"]
[Black "Naroditsky,D"]
[Result "1/2-1/2"]
[WhiteElo "2578"]
[BlackElo "2486"]

1.d4 Nf6 2.c4 e6 3.Nf3 b6 4.a3 c6 5.Nc3 d5 6.cxd5 cxd5 7.Bf4 a6 8.e3 Bb7
9.Rc1 Nbd7 10.Ne5 Nxe5 11.Bxe5 Nd7 12.Bg3 Rc8 13.Bd3 Be7 14.Qe2 b5 15.O-O O-O
16.a4 b4 17.Na2 Qa5 18.b3 Qb6 19.Rxc8 Rxc8 20.Rc1 Rxc1+ 21.Nxc1 Bd8 22.Qc2 g6
23.Ne2 a5 24.Bb5 Nf6 25.f3 Ba6 26.Bxa6 Qxa6 27.Bh4 Kf8 28.Nf4 Ke8 29.Nd3 Nd7
30.Bg3 Qb7 31.h3 Qa6 32.Kf2 Qb7 33.Ke1 Qa6 34.Kd2 Qb7 35.Bd6 Qb6 36.Bf4 Qb7
37.g4 Be7 38.g5 Kd8 39.Nf2 e5 40.dxe5 Nc5 41.Nd3 Ne6 42.h4 Kd7 43.Bg3 Qa6
44.Bf2 Bf8 45.Ke1 Qc6 46.Qxc6+ Kxc6 47.Ke2 Bc5 48.f4 Bb6 49.Be1 Ba7 50.Kf3 Bb6
51.Bd2 Ng7 52.Be1 Nf5 53.Bf2 Ba7 54.e4 dxe4+ 55.Kxe4 Bxf2 56.Nxf2 Nxh4 57.Nd3 Nf5
58.Nb2 Ng3+ 59.Kd3 Kd5 60.Nc4 Nf5 61.Nxa5 Nd4 62.Nb7 Nxb3 63.a5 Nc5+ 64.Kc2 Ne6
65.Kb3 Kc6 66.Nd6 Nxf4 67.a6 Kb6 68.Nxf7 Kxa6 69.Kxb4 Kb6 70.Kc4 Kc6 71.Nd6 Kd7
72.Ne4 Ke6 73.Nf6 Kxe5 74.Nxh7 Ne6 75.Kd3 Kf5 76.Ke3 Kg4 77.Ke2 Nxg5 78.Nf8  1/2-1/2

[Event "120th ch-SCO 2013"]
[Site "Helensburgh SCO"]
[Date "2013.07.13"]
[Round "8.4"]
[White "Gretarsson,Hj"]
[Black "Turner,Ma"]
[Result "1-0"]
[WhiteElo "2511"]
[BlackElo "2518"]

1.d4 Nf6 2.c4 e6 3.Nf3 b6 4.a3 Bb7 5.Bf4 g6 6.e3 Bg7 7.Be2 O-O 8.Nc3 d6 9.O-O Nbd7
10.Qc2 Qe7 11.h3 e5 12.Bh2 c5 13.Rad1 e4 14.Nd2 cxd4 15.exd4 Rfc8 16.Rfe1 e3
17.Bf3 Bxf3 18.Nxf3 exf2+ 19.Qxf2 Qf8 20.Nb5 Rxc4 21.b3 Rc6 22.d5 Rc5 23.Bxd6 Qc8
24.Bxc5 Nxc5 25.d6 Qf5 26.Nfd4 Qxf2+ 27.Kxf2 a6 28.Nc3 Rc8 29.Nf3 Bf8 30.Ng5 Rc6
31.b4 Ncd7 32.Nge4 Kg7 33.Kg1 h6 34.Nxf6 Kxf6 35.Rc1 Kf5 36.g4+  1-0

[Event "120th ch-SCO 2013"]
[Site "Helensburgh SCO"]
[Date "2013.07.14"]
[Round "9.2"]
[White "Gormally,D"]
[Black "Farago,I"]
[Result "1/2-1/2"]
[WhiteElo "2496"]
[BlackElo "2447"]

1.d4 Nf6 2.Nf3 e6 3.c4 b6 4.a3 Bb7 5.Bf4 Be7 6.Nc3 d5 7.e3 O-O 8.Rc1 c5 9.cxd5 Nxd5
10.Nxd5 exd5 11.dxc5 bxc5 12.Be2 Nc6 13.O-O Qb6 14.Qc2 Rad8 15.Rfd1 Rfe8
16.Bg5 h6 17.Bxe7 Rxe7 18.Qxc5 d4 19.Qxb6 axb6 20.Ba6 dxe3 21.Bxb7 Rxd1+
22.Rxd1 exf2+ 23.Kxf2 Rxb7 24.Rd6 Na5 25.Nd2 Kf8 26.b4 Ke7 27.Rd5 Nc6 28.Nc4 Nb8
29.Re5+ Kf6 30.Rb5 Nd7 31.a4 Rb8 32.Rd5 Ke7 33.Rb5 Ra8 34.Nxb6  1/2-1/2

[Event "Corporation Cup 2013"]
[Site "Izhevsk RUS"]
[Date "2013.07.17"]
[Round "6.7"]
[White "Kanter,E"]
[Black "Shariyazdanov,A"]
[Result "0-1"]
[WhiteElo "2425"]
[BlackElo "2584"]

1.d4 Nf6 2.c4 e6 3.Nf3 b6 4.a3 Bb7 5.Nc3 g6 6.d5 Bg7 7.g3 O-O 8.Bg2 exd5
9.cxd5 c6 10.O-O cxd5 11.Nh4 Na6 12.Nxd5 Nxd5 13.Bxd5 Bxd5 14.Qxd5 Qe7 15.Qb5 Nc7
16.Qd3 Rfe8 17.Re1 d5 18.Nf3 Qe4 19.Qb3 Ne6 20.Be3 d4 21.Bd2 Nc5 22.Qb5 Qe6
23.Rac1 Rac8 24.Bf4 h6 25.Rcd1 g5 26.Bc1 Qb3 27.Qxb3 Nxb3 28.Nd2 Nxc1 29.Rxc1 Rxc1
30.Rxc1 Rxe2 31.Rd1 d3 32.Nc4 b5 33.Ne3 d2 34.b3 Bc3 35.Rf1 Re1 36.Nd1 Bd4  0-1

[Event "10th South Wales Int 2013"]
[Site "Penarth WLS"]
[Date "2013.07.17"]
[Round "7.1"]
[White "Petkov,V"]
[Black "Greet,A"]
[Result "1-0"]
[WhiteElo "2544"]
[BlackElo "2427"]

1.d4 Nf6 2.c4 e6 3.Nf3 b6 4.a3 Ba6 5.Qc2 Bb7 6.Nc3 c5 7.dxc5 bxc5 8.Bg5 Be7
9.e3 d6 10.Be2 Nbd7 11.O-O O-O 12.Rfd1 a6 13.Rd2 Qc7 14.Rad1 Rfd8 15.h3 Rab8
16.Bf4 Ne8 17.Ng5 Ndf6 18.Bh5 g6 19.Bf3 Bxf3 20.Nxf3 Rb7 21.e4 Rdb8 22.Qc1 Nd7
23.Re1 Bf6 24.Re3 Ne5 25.Bxe5 dxe5 26.Red3 Rb3 27.Nb5 R3xb5 28.cxb5 axb5
29.Rd1 Qc6 30.Qe3 b4 31.Rc1 c4 32.axb4 Rxb4 33.b3 Qb5 34.bxc4 Rxc4 35.Rxc4 Qxc4
36.Rc3 Qa4 37.Rc8 Kg7 38.Qc5 Qd7 39.Rc6 Kg8 40.Ra6 Qb7 41.Ra7 Qb8 42.Kh2 Kg7
43.Rd7 h6 44.Qc6 Kg8 45.g3 Bg7 46.Kg2 Nf6 47.Rb7 Qa8 48.Nxe5 Nxe4 49.Nd7  1-0

[Event "II ITT LXSBC 2013"]
[Site "Sao Paulo BRA"]
[Date "2013.07.17"]
[Round "6.5"]
[White "Quintiliano Pinto,R"]
[Black "Aranha Filho,A"]
[Result "1-0"]
[WhiteElo "2308"]
[BlackElo "2286"]

1.d4 Nf6 2.c4 e6 3.Nf3 b6 4.a3 Bb7 5.Nc3 d5 6.cxd5 Nxd5 7.Qc2 Be7 8.e4 Nxc3
9.bxc3 c5 10.Bb5+ Bc6 11.Bd3 Nd7 12.Bb2 Qc7 13.O-O O-O 14.Qe2 Rfe8 15.Nd2 Bf8
16.f4 g6 17.Qf2 Bg7 18.Rac1 Qb7 19.f5 exf5 20.d5 Bxd5 21.exd5 Qxd5 22.Bb5 Bh6
23.Nc4 Bxc1 24.Rxc1 Re7 25.Ne3 Qe4 26.Bxd7 Rxd7 27.c4 Rad8 28.Nd5 Kf8 29.Re1 Qxc4
30.Qe3 Qh4 31.g3 f4 32.Qc3  1-0

[Event "36th Taminco Open"]
[Site "Ghent BEL"]
[Date "2013.07.21"]
[Round "3.7"]
[White "Gormally,D"]
[Black "Verhaeren,G"]
[Result "1-0"]
[WhiteElo "2496"]
[BlackElo "2069"]

1.d4 Nf6 2.Nf3 e6 3.c4 b6 4.a3 Bb7 5.Bf4 Be7 6.h3 O-O 7.e3 d5 8.cxd5 Nxd5
9.Bh2 c5 10.Bd3 cxd4 11.Nxd4 Nc6 12.Nxc6 Bxc6 13.O-O Bd6 14.Bxh7+ Kxh7 15.Qc2+ g6
16.Qxc6 Bxh2+ 17.Kxh2 Qf6 18.Nd2 Qxb2 19.Nf3 Qc3 20.Qa4 Qc7+ 21.Kg1 Rfd8
22.Rac1 Qd6 23.Rc6 Qe7 24.Rfc1 Rd6 25.R6c4 Rd7 26.Ne5 Rc7 27.Rxc7 Nxc7 28.Qc6 Rc8
29.Qb7 Qxa3 30.Rd1 Qa6 31.Qf3 f5 32.Rd7+  1-0

[Event "Minsk Open 2013"]
[Site "Minsk BLR"]
[Date "2013.07.21"]
[Round "9.14"]
[White "Saxonov,L"]
[Black "Grib,R"]
[Result "0-1"]
[WhiteElo "2124"]
[BlackElo "2362"]

1.d4 Nf6 2.c4 e6 3.Nf3 b6 4.a3 Bb7 5.Nc3 d5 6.cxd5 Nxd5 7.Qc2 c5 8.e4 Nxc3
9.bxc3 Be7 10.Bd3 Qc7 11.Qd2 O-O 12.O-O Rd8 13.Qe2 a6 14.a4 Nc6 15.Be3 Na5
16.Rfb1 Nc6 17.dxc5 bxc5 18.e5 Na5 19.Bf4 c4 20.Bc2 Bxf3 21.Qxf3 Rab8 22.Rxb8 Rxb8
23.Rd1 g6 24.Qe4 Rd8 25.Rxd8+ Qxd8 26.g3 Qd5 27.Qxd5 exd5 28.Bd1 Nb3 29.Be3 Bc5
30.Bxc5 Nxc5 31.Bc2 f6 32.exf6 Kf7 33.f4 Kxf6 34.Kf2 Ke6 35.Ke3 Kd6 36.g4 a5
37.g5 Ke6 38.h4 Nb7 39.h5 gxh5 40.Bxh7 Nc5 41.f5+ Ke5 42.f6 Ne6 43.f7 Nf8
44.Kf3 Ke6 45.Bc2 Kxf7 46.Bf5 Ne6 47.Ke3 h4 48.Bg4 Nc5 49.Kd4 Nxa4 50.Kxd5 Nb6+
51.Ke5 a4  0-1

[Event "III Brazil Maringa Open"]
[Site "Maringa BRA"]
[Date "2013.07.26"]
[Round "4.4"]
[White "Caetano,Hugo Zanotti Mendonca"]
[Black "Mekhitarian,K"]
[Result "0-1"]
[WhiteElo "2152"]
[BlackElo "2521"]

1.d4 Nf6 2.c4 e6 3.Nf3 b6 4.a3 Ba6 5.Qc2 c5 6.e3 Be7 7.Bd3 cxd4 8.Nxd4 O-O
9.O-O Bb7 10.Nc3 d6 11.b3 Nbd7 12.Ne4 g6 13.Bb2 Rc8 14.Nb5 Bxe4 15.Bxe4 d5
16.Nxa7 dxe4 17.Nxc8 Qxc8 18.b4 Qc7 19.h3 Ne5 20.Bd4 Rc8 21.c5 bxc5 22.bxc5 Nd3
23.f3 e5 24.fxe4 exd4 25.Qxd3 dxe3 26.Rac1 Bxc5 27.Rxf6 e2+ 28.Kh1 Bf2 29.Re1 Qc1
30.Qxe2 Qxe1+ 31.Qxe1 Bxe1 32.Rf3 Rc3 33.Kg1 Rc4 34.Re3 Bd2 35.Re2 Bc1 36.e5 Rc6
37.a4 Re6 38.g3 Bh6  0-1

[Event "VIII Vladimir Dvorkovich Open"]
[Site "Taganrog RUS"]
[Date "2013.07.26"]
[Round "5.19"]
[White "Sukhareva,E"]
[Black "Jakenberg,Jussi"]
[Result "1-0"]
[WhiteElo "2248"]
[BlackElo "2063"]

1.d4 Nf6 2.c4 e6 3.Nf3 b6 4.a3 Bb7 5.Nc3 d5 6.cxd5 Nxd5 7.Qc2 Nxc3 8.bxc3 c5
9.e4 Nd7 10.Bd3 Qc7 11.Qb1 Be7 12.O-O O-O 13.Qb2 Rac8 14.Qe2 e5 15.d5 c4
16.Bc2 b5 17.Rb1 a6 18.a4 Qa5 19.Bd2 Bd6 20.Ra1 bxa4 21.Rxa4 Qc7 22.Be3 Nb6
23.Ra2 Rb8 24.Rb1 Nd7 25.Nd2 f5 26.Nxc4 fxe4 27.Nxd6 Qxd6 28.Ba7 Bxd5 29.Bxb8 Nxb8
30.Rab2 Nd7 31.Rd1 Nc5 32.c4  1-0

[Event "15th TCh-Eur Senior"]
[Site "Dresden GER"]
[Date "2013.07.27"]
[Round "8"]
[White "Miles,R"]
[Black "Marks,I"]
[Result "1/2-1/2"]
[WhiteElo "2088"]
[BlackElo "1981"]

1.d4 Nf6 2.c4 e6 3.Nf3 b6 4.a3 Ba6 5.Qc2 Bb7 6.Nc3 c5 7.dxc5 Bxc5 8.Bg5 Be7
9.e3 h6 10.Bh4 d6 11.Be2 a6 12.O-O O-O 13.Rfd1 Qc7 14.Rac1 Nc6 15.h3 Nh5
16.Bxe7 Qxe7 17.Ne4 Rfd8 18.Nfd2 Nf6 19.Nxf6+ Qxf6 20.Ne4 Qe7 21.Rd2 Rd7
22.Rcd1 Rad8 23.Bf3 Ne5 24.Be2 Nc6 25.Rb1 f5 26.Ng3 a5 27.Bf3 Ne5 28.Bxb7 Rxb7
29.Qa4 Qc7 30.Ne2 Nc6 31.Nc3  1/2-1/2

[Event "VIII Vladimir Dvorkovich Open"]
[Site "Taganrog RUS"]
[Date "2013.07.27"]
[Round "6.16"]
[White "Sukhareva,E"]
[Black "Rasstriguine,A"]
[Result "1-0"]
[WhiteElo "2248"]
[BlackElo "2105"]

1.d4 Nf6 2.c4 e6 3.Nf3 b6 4.a3 Bb7 5.Nc3 Ne4 6.Nxe4 Bxe4 7.Nd2 Bg6 8.g3 c5
9.d5 e5 10.e4 d6 11.h4 f6 12.f4 Be7 13.Bh3 O-O 14.Be6+ Kh8 15.f5 Be8 16.g4 Na6
17.Nf1 b5 18.Rg1 Nc7 19.g5 fxg5 20.hxg5 Nxe6 21.dxe6 g6 22.Qg4 bxc4 23.Ne3 d5
24.f6 Bxf6 25.gxf6 Qxf6 26.Rf1  1-0

[Event "III Brazil Maringa Open"]
[Site "Maringa BRA"]
[Date "2013.07.28"]
[Round "8.21"]
[White "Caetano,Hugo Zanotti Mendonca"]
[Black "Sekula,Markley Ribas"]
[Result "1-0"]
[WhiteElo "2152"]
[BlackElo "2015"]

1.d4 Nf6 2.c4 e6 3.Nf3 b6 4.a3 Ba6 5.e3 c5 6.Nc3 cxd4 7.exd4 Bb7 8.d5 d6
9.Be2 e5 10.O-O Be7 11.Bd3 Nbd7 12.b4 Rc8 13.Qe2 O-O 14.Ne1 Re8 15.g4 Nf8
16.f3 a6 17.Bd2 Ng6 18.Ng2 Nd7 19.Ne4 a5 20.h4 axb4 21.axb4 Nf6 22.h5 Nf8
23.Nc3 Ra8 24.Be3 N6d7 25.Qf2 Bg5 26.Rxa8 Bxe3 27.Nxe3 Qxa8 28.Nb5 Rd8 29.Nxd6 Nf6
30.Nef5 b5 31.Nxb5  1-0

[Event "9th Tabor Open 2013"]
[Site "Tabor CZE"]
[Date "2013.07.28"]
[Round "1.13"]
[White "Krnak,Vladimir"]
[Black "Lacina,A"]
[Result "0-1"]
[WhiteElo "1808"]
[BlackElo "2214"]

1.d4 Nf6 2.Nf3 e6 3.c4 b6 4.a3 Bb7 5.Nc3 d5 6.e3 Nbd7 7.cxd5 exd5 8.Qa4 Bd6
9.Bb5 O-O 10.Bc6 Bxc6 11.Qxc6 Rc8 12.Nxd5 Nxd5 13.Qxd5 Ne5 14.Qe4 f5 15.Qc2 Nxf3+
16.gxf3 c5 17.Qa4 Qe7 18.Kf1 Qb7 19.Qc4+ Kh8 20.d5 Be5 21.e4 fxe4 22.fxe4 Bd4
23.f4 Qf7 24.Qe2 Rce8 25.a4 Qg6 26.f5 Rxf5+ 27.Ke1 Rfe5 28.Kd1 Rxe4 29.Qa6 Qg2
30.Rf1 Bxb2 31.Bxb2 Qxb2  0-1

[Event "Sparkassen Open A 2013"]
[Site "Dortmund GER"]
[Date "2013.07.29"]
[Round "3.25"]
[White "Garbuszus,J"]
[Black "Simon,Th"]
[Result "1-0"]
[WhiteElo "2071"]
[BlackElo "1938"]

1.d4 Nf6 2.c4 e6 3.Nf3 b6 4.a3 Bb7 5.Nc3 d5 6.cxd5 Nxd5 7.Qc2 Be7 8.e4 Nxc3
9.bxc3 O-O 10.Bd3 c5 11.e5 cxd4 12.Bxh7+ Kh8 13.Be4 Nc6 14.O-O dxc3 15.Rd1 Qc7
16.Rd3 f5 17.exf6 Bxf6 18.Ng5 Qe5 19.Rh3+ Kg8 20.Bh7+ Kh8 21.Bg8+  1-0

[Event "Politiken Cup 2013"]
[Site "Helsingor DEN"]
[Date "2013.08.01"]
[Round "7.63"]
[White "Christiansen,JJ"]
[Black "Hedin,Niclas"]
[Result "1/2-1/2"]
[WhiteElo "2121"]
[BlackElo "1969"]

1.d4 Nf6 2.c4 e6 3.Nf3 b6 4.a3 Bb7 5.Nc3 d5 6.cxd5 Nxd5 7.Qc2 Be7 8.Nxd5 exd5
9.Bf4 c5 10.e3 O-O 11.Bd3 h6 12.O-O Na6 13.Ne5 Nc7 14.Bh7+ Kh8 15.Bf5 Na6
16.Rac1 Bf6 17.Rfd1 Bxe5 18.Bxe5 Qg5 19.Bh3 Bc8 20.Bxc8 Raxc8 21.Qa4 Nb8
22.Bd6 Rfe8 23.dxc5 Re4 24.Qb3 d4 25.Bf4 Qf5 26.f3 Re6 27.Rxd4 bxc5 28.Rd5 Qg6
29.Bxb8 Rb6 30.Qc2 Rcxb8 31.Qxg6 Rxg6 32.Rdxc5 Rxb2 33.R5c2 Rb3 34.Rc3 Rb2
35.R1c2 Rb1+ 36.Kf2 Ra6 37.Rd2 Ra1 38.Rd7 Ra2+ 39.Kg1 Ra1+ 40.Kf2 Ra2+  1/2-1/2